[Event "CZE/SVK-chT (Women)"]
[Site "Frydek Mistek"]
[Date "2009.05.17"]
[Round "7"]
[White "Azarova, Nadezhda"]
[Black "Jakubiec, Edyta"]
[Result "1/2-1/2"]
[WhiteElo "2323"]
[BlackElo "2210"]
[PlyCount "54"]
[EventDate "2009.05.14"]
[EventType "team-tourn"]
[EventRounds "7"]
[EventCountry "CZE"]
[SourceTitle "CBM 130 Extra"]
[Source "ChessBase"]
[SourceDate "2009.07.02"]
[SourceVersion "2"]
[SourceVersionDate "2009.07.15"]
[SourceQuality "1"]
[WhiteTeam "Frydek Mistek (W)"]
[BlackTeam "Orlova Slavia (W)"]
[WhiteTeamCountry "CZE"]
[BlackTeamCountry "CZE"]

1. e4 c5 2. Nf3 d6 3. d4 cxd4 4. Nxd4 Nf6 5. Nc3 a6 6. Bg5 e6 7. f4 h6 8. Bh4 Be7 9. Qf3 Qc7 10. 0-0-0 Nbd7 11. Bd3 g5 12. fxg5 Ne5 13. Qe2 Nfg4 14. Nf3 hxg5 15. Bg3 Nxf3 16. gxf3 Ne5 17. f4 gxf4 18. Bxf4 Bd7 19. Rdf1 0-0-0 20. Bxe5 dxe5 21. Rxf7 Bg5+ 22. Kb1 Qc6 23. Rg7 Bh6 24. Rgg1 Be8 25. h4 Rd7 26. Rh3 Qb6 27. Rgh1 Rg7 1/2-1/2

[Event "CZE/SVK-chT (Women)"]
[Site "Frydek Mistek"]
[Date "2009.05.15"]
[Round "3"]
[White "Azarova, Nadezhda"]
[Black "Nemcova, Katerina"]
[Result "0-1"]
[WhiteElo "2323"]
[BlackElo "2294"]
[PlyCount "104"]
[EventDate "2009.05.14"]
[EventType "team-tourn"]
[EventRounds "7"]
[EventCountry "CZE"]
[SourceTitle "CBM 130 Extra"]
[Source "ChessBase"]
[SourceDate "2009.07.02"]
[SourceVersion "2"]
[SourceVersionDate "2009.07.15"]
[SourceQuality "1"]
[WhiteTeam "Frydek Mistek (W)"]
[BlackTeam "Praha Oaza (W)"]
[WhiteTeamCountry "CZE"]
[BlackTeamCountry "CZE"]

1. e4 c5 2. Nf3 e6 3. d4 cxd4 4. Nxd4 a6 5. Nc3 Qc7 6. Be2 b5 7. f4 Bb7 8. Bf3 Bc5 9. Nb3 Ba7 10. e5 Ne7 11. Bxb7 Qxb7 12. Qe2 Nf5 13. Ne4 h5 14. Bd2 Nc6 15. 0-0-0 Qc7 16. Kb1 Rd8 17. Nd6+ Nxd6 18. exd6 Qxd6 19. Ba5 Qxf4 20. Bxd8 Nxd8 21. Rd3 Nc6 22. Rhd1 Nb8 23. Nd4 Qg4 24. Qe5 0-0 25. h3 Qxg2 26. Qxh5 d5 27. Nf3 Nd7 28. Qh4 Bf2 29. Qf4 Nc5 30. R3d2 Ne4 31. Re2 Qxh3 32. Ng5 Qg3 33. Qxg3 Bxg3 34. Nxe4 dxe4 35. Rxe4 Re8 36. a4 Rb8 37. Red4 f5 38. Rd8+ Kf7 39. Rxb8 Bxb8 40. Rd7+ Kf6 41. Rb7 Bd6 42. axb5 axb5 43. Rxb5 g5 44. Kc1 g4 45. Kd2 f4 46. Ke2 Be5 47. c4 Bd4 48. c5 f3+ 49. Kd3 g3 50. c6 f2 51. c7 f1Q+ 52. Kxd4 g2 0-1

[Event "CZE/SVK-chT (Women)"]
[Site "Frydek Mistek"]
[Date "2009.05.15"]
[Round "4"]
[White "Bazantova, Marie"]
[Black "Azarova, Nadezhda"]
[Result "0-1"]
[WhiteElo "2040"]
[BlackElo "2323"]
[PlyCount "72"]
[EventDate "2009.05.14"]
[EventType "team-tourn"]
[EventRounds "7"]
[EventCountry "CZE"]
[SourceTitle "CBM 130 Extra"]
[Source "ChessBase"]
[SourceDate "2009.07.02"]
[SourceVersion "2"]
[SourceVersionDate "2009.07.15"]
[SourceQuality "1"]
[WhiteTeam "Usti nad Labem (W)"]
[BlackTeam "Frydek Mistek (W)"]
[WhiteTeamCountry "CZE"]
[BlackTeamCountry "CZE"]

1. e4 d5 2. exd5 Qxd5 3. Nc3 Qa5 4. Bc4 Nf6 5. d3 Bg4 6. f3 Bf5 7. Be3 c6 8. Nge2 Nbd7 9. Ng3 Bg6 10. 0-0 e6 11. Qe2 Nb6 12. Bb3 Nbd5 13. Nxd5 Nxd5 14. Bxd5 Qxd5 15. Ne4 Be7 16. Nc3 Qd7 17. a4 c5 18. a5 0-0 19. Qf2 Rfc8 20. Rfd1 e5 21. Ne4 Qc6 22. Qg3 f5 23. Qxe5 Re8 24. Qc3 fxe4 25. dxe4 Rac8 26. e5 Rcd8 27. Re1 h6 28. f4 Rd7 29. g4 Be4 30. Qc4+ Kh8 31. f5 Bh4 32. e6 Rdd8 33. Rf1 Bg2 34. Rfd1 Bh3 35. Qe2 Qe4 36. Rxd8 Rxd8 0-1

[Event "Ostrava op"]
[Site "Ostrava"]
[Date "2009.05.07"]
[Round "6"]
[White "Furman, Boris"]
[Black "Azarova, Nadezhda"]
[Result "0-1"]
[WhiteElo "2220"]
[BlackElo "2320"]
[PlyCount "70"]
[EventDate "2009.05.02"]
[EventType "swiss"]
[EventRounds "9"]
[EventCountry "CZE"]
[SourceTitle "EXT 2011"]
[Source "ChessBase"]
[SourceDate "2010.11.26"]
[SourceVersion "1"]
[SourceVersionDate "2010.11.26"]
[SourceQuality "1"]

1. d4 Nf6 2. c4 e6 3. Nc3 Bb4 4. g3 c5 5. Nf3 0-0 6. Bg2 cxd4 7. Nxd4 d5 8. cxd5 Nxd5 9. Qb3 Na6 10. 0-0 Nxc3 11. bxc3 Bc5 12. Rd1 Qe7 13. Be3 Rb8 14. a4 e5 15. Nc2 Be6 16. Bxc5 Nxc5 17. Qb4 Bb3 18. Rd2 Bxc2 19. Rxc2 Rfd8 20. Rb2 Rd7 21. Qa3 Rbd8 22. Rb5 Rd1+ 23. Rxd1 Rxd1+ 24. Bf1 b6 25. Qa2 Qd7 26. Kg2 Qc6+ 27. f3 e4 28. Qc4 exf3+ 29. exf3 Rd2+ 30. Be2 Qh6 31. Qxc5 Rxe2+ 32. Kf1 Re8 33. Qc4 Qxh2 34. Rg5 Qh1+ 35. Kf2 Qe1+ 0-1

[Event "BLR-ch (Women)"]
[Site "Minsk"]
[Date "2009.01.19"]
[Round "5"]
[White "Sharova, Alexandra"]
[Black "Azarova, Nadezhda"]
[Result "0-1"]
[WhiteElo "2084"]
[BlackElo "2314"]
[PlyCount "78"]
[EventDate "2009.01.15"]
[EventType "tourn"]
[EventRounds "9"]
[EventCountry "BLR"]
[SourceTitle "CBM 128 Extra"]
[Source "ChessBase"]
[SourceDate "2009.03.05"]
[SourceVersion "2"]
[SourceVersionDate "2009.03.25"]
[SourceQuality "1"]

1. d4 Nf6 2. Nf3 e6 3. e3 b6 4. Be2 Bb7 5. 0-0 d5 6. b3 Nbd7 7. Bb2 Bd6 8. Ne5 0-0 9. Nd2 Rc8 10. c4 Qe7 11. f4 c5 12. Nxd7 Qxd7 13. Nf3 Ne4 14. Nd2 Nf6 15. Qe1 Qe7 16. Bd3 cxd4 17. Bxd4 Bc5 18. Nf3 Rfd8 19. Qh4 dxc4 20. Bxc4 Bxf3 21. Bxc5 Qxc5 22. Rxf3 b5 23. Bf1 Rd2 24. Rg3 Ne4 25. Rh3 h6 26. a4 Qc3 27. Qe1 b4 28. Rh5 f5 29. Bc4 Rxc4 30. bxc4 b3 31. g4 b2 32. Rb1 Qc2 33. gxf5 exf5 34. Qf1 Nc3 35. Rxb2 Qxb2 36. Rxf5 Rd1 37. Re5 Rxf1+ 38. Kxf1 Qe2+ 39. Kg1 Nd1 0-1

[Event "BLR-ch (Women)"]
[Site "Minsk"]
[Date "2009.01.18"]
[Round "4"]
[White "Azarova, Nadezhda"]
[Black "Homiakova, Ekaterina"]
[Result "1/2-1/2"]
[WhiteElo "2314"]
[BlackElo "2110"]
[PlyCount "90"]
[EventDate "2009.01.15"]
[EventType "tourn"]
[EventRounds "9"]
[EventCountry "BLR"]
[SourceTitle "CBM 128 Extra"]
[Source "ChessBase"]
[SourceDate "2009.03.05"]
[SourceVersion "2"]
[SourceVersionDate "2009.03.25"]
[SourceQuality "1"]

1. e4 e5 2. Nf3 Nc6 3. Bc4 Nf6 4. d3 Bc5 5. c3 d6 6. Bb3 a6 7. 0-0 Ba7 8. h3 Ne7 9. Bg5 Ng6 10. Nh4 Nxh4 11. Bxh4 h6 12. d4 Qe7 13. dxe5 dxe5 14. Nd2 Bd7 15. Qe2 0-0-0 16. Nc4 g5 17. Bg3 g4 18. Bh4 Rhg8 19. Ne3 Be6 20. g3 gxh3 21. Qf3 Rg6 22. Rad1 Rdg8 23. Kh1 Bxb3 24. axb3 Qe6 25. Bxf6 Rxf6 26. Nf5 Bb6 27. Rd2 Kb8 28. b4 Qc6 29. Re1 Rg5 30. Ne7 Rxf3 31. Rd8+ Ka7 32. Nc8+ Kb8 33. Nxb6+ Ka7 34. Nc8+ Kb8 35. Ne7+ Ka7 36. Nc8+ Kb8 37. Ne7+ Ka7 38. Nxc6+ bxc6 39. Re2 f5 40. exf5 Rgxf5 41. Rdd2 Kb6 42. Kh2 Rh5 43. Rd8 Rhf5 44. Rdd2 Rh5 45. Re4 Rhf5 1/2-1/2

[Event "BLR-ch (Women)"]
[Site "Minsk"]
[Date "2009.01.15"]
[Round "1"]
[White "Popova, Natalija"]
[Black "Azarova, Nadezhda"]
[Result "1-0"]
[WhiteElo "2266"]
[BlackElo "2314"]
[PlyCount "105"]
[EventDate "2009.01.15"]
[EventType "tourn"]
[EventRounds "9"]
[EventCountry "BLR"]
[SourceTitle "CBM 128 Extra"]
[Source "ChessBase"]
[SourceDate "2009.03.05"]
[SourceVersion "2"]
[SourceVersionDate "2009.03.25"]
[SourceQuality "1"]

1. e4 c5 2. c3 Nf6 3. e5 Nd5 4. Nf3 d6 5. d4 cxd4 6. cxd4 e6 7. Bc4 Nb6 8. Bd3 dxe5 9. dxe5 Bb4+ 10. Nc3 Nd5 11. 0-0 Nxc3 12. bxc3 Be7 13. Qc2 h6 14. Rd1 Qc7 15. Bf4 0-0 16. Qe2 Rd8 17. Qe4 g6 18. Bxh6 Nd7 19. Bf1 Re8 20. Rac1 Nc5 21. Qf4 Bd7 22. Bg5 Bc6 23. Nd4 Ba4 24. Re1 Bxg5 25. Qxg5 Qe7 26. Qh6 Rac8 27. Re3 Qf8 28. Qf4 a6 29. Rh3 Qg7 30. Nf3 Bc6 31. Ng5 Rf8 32. Rh7 Qxh7 33. Nxh7 Kxh7 34. Re1 Nd7 35. Bd3 Kg7 36. h3 Rh8 37. Be4 Bxe4 38. Qxe4 b5 39. Rd1 Rc7 40. Rd4 Rh5 41. f4 Rh8 42. Qe1 Nb6 43. Rd6 Nd5 44. f5 gxf5 45. Qg3+ Kh7 46. Rxa6 Rhc8 47. Rd6 Rxc3 48. Qh4+ Kg6 49. Rxd5 exd5 50. Qf6+ Kh7 51. Qxf7+ Kh8 52. e6 Re3 53. Qh5+ 1-0

[Event "Olympiad Women-38"]
[Site "Dresden"]
[Date "2008.11.15"]
[Round "3"]
[White "Azarova, Nadezhda"]
[Black "Antonova, Nadezhda"]
[Result "1-0"]
[WhiteElo "2308"]
[BlackElo "1827"]
[PlyCount "99"]
[EventDate "2008.11.13"]
[EventType "team-swiss"]
[EventRounds "11"]
[EventCountry "GER"]
[SourceTitle "CBM 128"]
[Source "ChessBase"]
[SourceDate "2009.01.28"]
[SourceVersion "1"]
[SourceVersionDate "2009.01.28"]
[SourceQuality "1"]
[WhiteTeam "Belarus (W)"]
[BlackTeam "Tajikistan (W)"]
[WhiteTeamCountry "BLR"]
[BlackTeamCountry "TJK"]

1. e4 c5 2. Nf3 d6 3. d4 cxd4 4. Nxd4 Nf6 5. Nc3 e6 6. g4 Nc6 7. g5 Nd7 8. Be3 Be7 9. Rg1 a6 10. Qd2 Qc7 11. 0-0-0 b5 12. Nxc6 Qxc6 13. Bd4 Ne5 14. Rg3 0-0 15. f4 Nc4 16. Bxc4 Qxc4 17. Qf2 b4 18. Nb1 Bb7 19. b3 Qc7 20. Re1 e5 21. Bb6 Qc6 22. f5 f6 23. g6 h6 24. Rd3 a5 25. Be3 Rfd8 26. Qd2 Bf8 27. Rd5 Qa6 28. a4 Bxd5 29. Qxd5+ Kh8 30. Nd2 Rac8 31. Nc4 Rxc4 32. Qxc4 Qxc4 33. bxc4 Rc8 34. Bb6 Rxc4 35. Kb2 d5 36. exd5 Rf4 37. d6 Bxd6 38. Rd1 Rd4 39. Bxd4 exd4 40. Kb3 Be5 41. Kc4 Kg8 42. Kb5 Kf8 43. Kxa5 Ke7 44. Kxb4 Kd6 45. Kc4 Bxh2 46. a5 Kc6 47. Rxd4 Bc7 48. a6 Bb6 49. Rh4 Be3 50. Rh3 1-0

[Event "Olympiad Women-38"]
[Site "Dresden"]
[Date "2008.11.14"]
[Round "2"]
[White "Yanjindulan, Dolgorsuren"]
[Black "Azarova, Nadezhda"]
[Result "0-1"]
[WhiteElo "2286"]
[BlackElo "2308"]
[PlyCount "110"]
[EventDate "2008.11.13"]
[EventType "team-swiss"]
[EventRounds "11"]
[EventCountry "GER"]
[SourceTitle "CBM 128"]
[Source "ChessBase"]
[SourceDate "2009.01.28"]
[SourceVersion "1"]
[SourceVersionDate "2009.01.28"]
[SourceQuality "1"]
[WhiteTeam "Mongolia (W)"]
[BlackTeam "Belarus (W)"]
[WhiteTeamCountry "MGL"]
[BlackTeamCountry "BLR"]

1. e4 e5 2. Nf3 Nc6 3. Bb5 a6 4. Ba4 Nf6 5. 0-0 Be7 6. Re1 b5 7. Bb3 d6 8. c3 0-0 9. h3 Bb7 10. d4 Re8 11. Nbd2 Bf8 12. a4 Qd7 13. Bc2 exd4 14. cxd4 Nb4 15. Bb1 bxa4 16. Rxa4 a5 17. b3 Bc6 18. Ra1 Bb5 19. e5 dxe5 20. dxe5 Nfd5 21. Ne4 Nb6 22. Nd4 Rxe5 23. Bg5 f5 24. Nf6+ gxf6 25. Rxe5 fxe5 26. Bxf5 exd4 27. Bxd7 Bxd7 28. Bf6 c5 29. Qh5 N6d5 30. Qg5+ Kf7 31. Be5 Ra6 32. Qh5+ Kg8 33. Qg5+ Rg6 34. Qd8 Bxh3 35. Bg3 Be6 36. Rxa5 Nc6 37. Qe8 Bf7 38. Qa8 Nxa5 39. Qxa5 Nc3 40. Bh4 Bxb3 41. Qd8 Nd5 42. Qd7 d3 43. Qb5 Nb4 44. Qd7 Bd5 45. Qe8 Bxg2 46. Bg3 Bc6 47. Qe3 c4 48. Qd4 Bd5 49. Kf1 Bf7 50. Bf4 Nc6 51. Qa1 Bd5 52. Bd2 Bf3 53. Bg5 Rxg5 54. Qa8 Nd4 55. Qxf3 Rg1+ 0-1

[Event "WMSG Rapid Team 1st (Women)"]
[Site "Beijing"]
[Date "2008.10.16"]
[Round "9"]
[White "Azarova, Nadezhda"]
[Black "Ozturk Orenli, Kubra"]
[Result "1/2-1/2"]
[WhiteElo "2308"]
[BlackElo "2254"]
[PlyCount "70"]
[EventDate "2008.10.14"]
[EventType "team (rapid)"]
[EventRounds "9"]
[EventCountry "CHN"]
[SourceTitle "CBM 126 Extra"]
[Source "ChessBase"]
[SourceDate "2008.11.05"]
[SourceVersion "1"]
[SourceVersionDate "2008.11.05"]
[SourceQuality "1"]

1. e4 e5 2. Nf3 Nc6 3. Bc4 Nf6 4. d3 Be7 5. 0-0 0-0 6. Bb3 d6 7. c3 Kh8 8. Ng5 Bg4 9. Qe1 Bh5 10. f4 exf4 11. Bxf4 Bg6 12. Nf3 Nh5 13. Be3 f5 14. exf5 Bxf5 15. Qd2 Ne5 16. d4 Ng4 17. Bg5 h6 18. Bxe7 Qxe7 19. Na3 Qe3+ 20. Qxe3 Nxe3 21. Rfe1 Rae8 22. Nc4 Nxc4 23. Bxc4 Nf4 24. Rxe8 Rxe8 25. Re1 Rxe1+ 26. Nxe1 Kh7 27. Kf2 Kg6 28. g3 Nh3+ 29. Ke3 Kf6 30. Nf3 Bg4 31. Bf1 Bxf3 32. Bxh3 Bd5 33. a3 g5 34. Bd7 Bg2 35. Bc8 Bd5 1/2-1/2

[Event "WMSG Rapid Team 1st (Women)"]
[Site "Beijing"]
[Date "2008.10.15"]
[Round "3"]
[White "Azarova, Nadezhda"]
[Black "Brunello, Marina"]
[Result "1/2-1/2"]
[WhiteElo "2308"]
[BlackElo "2117"]
[PlyCount "94"]
[EventDate "2008.10.14"]
[EventType "team (rapid)"]
[EventRounds "9"]
[EventCountry "CHN"]
[SourceTitle "CBM 126 Extra"]
[Source "ChessBase"]
[SourceDate "2008.11.05"]
[SourceVersion "1"]
[SourceVersionDate "2008.11.05"]
[SourceQuality "1"]

1. e4 e5 2. Nf3 Nc6 3. Bb5 a6 4. Ba4 d6 5. c3 Bd7 6. 0-0 g6 7. d4 Bg7 8. h3 Nge7 9. Be3 0-0 10. Qd2 f5 11. exf5 Nxf5 12. Bg5 Qc8 13. Bb3+ Kh8 14. dxe5 dxe5 15. Na3 Nd6 16. Bd5 Be6 17. Rad1 Bxd5 18. Qxd5 h6 19. Bc1 Ne7 20. Qd2 Rxf3 21. gxf3 Qxh3 22. Qd3 Nef5 23. f4 Qg4+ 24. Kh2 Nh4 25. Qg3 Qh5 26. f3 Ndf5 27. Qh3 exf4 28. Nc4 Re8 29. Bxf4 b5 30. Nd2 Re2+ 31. Kh1 g5 32. Bxc7 Ne3 33. Rde1 Rxd2 34. Rxe3 Rxb2 35. Rfe1 Rxa2 36. Bg3 Qg6 37. Bxh4 gxh4 38. Rg1 Qf6 39. Qc8+ Kh7 40. Qc7 Rf2 41. Rxg7+ Qxg7 42. Re7 Rf1+ 43. Kh2 Rf2+ 44. Kh3 Rxf3+ 45. Kxh4 Rf4+ 46. Kh3 Rf3+ 47. Kh2 Rf2+ 1/2-1/2

[Event "WMSG Rapid Team 1st (Women)"]
[Site "Beijing"]
[Date "2008.10.15"]
[Round "6"]
[White "Fomina, Tatyana"]
[Black "Azarova, Nadezhda"]
[Result "0-1"]
[WhiteElo "2214"]
[BlackElo "2308"]
[PlyCount "88"]
[EventDate "2008.10.14"]
[EventType "team (rapid)"]
[EventRounds "9"]
[EventCountry "CHN"]
[SourceTitle "CBM 126 Extra"]
[Source "ChessBase"]
[SourceDate "2008.11.05"]
[SourceVersion "1"]
[SourceVersionDate "2008.11.05"]
[SourceQuality "1"]

1. e4 c5 2. Nf3 d6 3. Bc4 Nc6 4. c3 Nf6 5. Qe2 e5 6. Ng5 d5 7. exd5 Nxd5 8. d4 cxd4 9. 0-0 Be7 10. Nxf7 Kxf7 11. Qf3+ Ke6 12. cxd4 Nxd4 13. Qe4 b5 14. Re1 bxc4 15. Qxd4 Bf6 16. Qxc4 Qc7 17. Qd3 Bb7 18. Na3 Kf7 19. Bd2 Rad8 20. Rac1 Qd7 21. Qb3 Rhe8 22. Nb5 Re6 23. Ba5 Rc8 24. Rxc8 Qxc8 25. Bb4 Nxb4 26. Qxb4 Be7 27. Qb3 Qc5 28. h3 Bd5 29. Qd3 Bc4 30. Qf3+ Rf6 31. Qh5+ Kg8 32. Qxe5 Qxf2+ 33. Kh1 Bxb5 34. Qxe7 Qxe1+ 35. Qxe1 Rf1+ 36. Qxf1 Bxf1 37. Kg1 Bc4 38. b3 Bd5 39. Kf2 Kf7 40. g4 g5 41. Ke3 Ke6 42. Kf2 Ke5 43. Kg3 Kd4 44. h4 h6 0-1

[Event "WMSG Blitz Team 1st (Women)"]
[Site "Beijing"]
[Date "2008.10.13"]
[Round "10"]
[White "Topel, Zehra"]
[Black "Azarova, Nadezhda"]
[Result "1-0"]
[WhiteElo "2214"]
[BlackElo "2308"]
[PlyCount "53"]
[EventDate "2008.10.13"]
[EventType "team (blitz)"]
[EventRounds "11"]
[EventCountry "CHN"]
[SourceTitle "CBM 126 Extra"]
[Source "ChessBase"]
[SourceDate "2008.11.05"]
[SourceVersion "1"]
[SourceVersionDate "2008.11.05"]
[SourceQuality "1"]

1. d4 Nf6 2. c4 e6 3. Nf3 b6 4. g3 Ba6 5. b3 Bb4+ 6. Bd2 Be7 7. Bg2 c6 8. 0-0 0-0 9. Bc3 d5 10. Nbd2 Nbd7 11. Qc2 Rc8 12. e4 dxe4 13. Nxe4 b5 14. Ne5 c5 15. dxc5 bxc4 16. Rfd1 Qc7 17. Nxd7 Nxd7 18. c6 Nb8 19. bxc4 Nxc6 20. Qa4 Bb7 21. c5 Rfd8 22. Rxd8+ Rxd8 23. Rb1 Ba8 24. h4 Kh8 25. Ng5 Bxc5 26. Qg4 Ne5 27. Bxe5 1-0

[Event "BLR-ch (Women) 52nd"]
[Site "Minsk"]
[Date "2008.03.12"]
[Round "3"]
[White "Scherbakova, Alisa"]
[Black "Azarova, Nadezhda"]
[Result "0-1"]
[WhiteElo "1920"]
[BlackElo "2296"]
[PlyCount "126"]
[EventDate "2008.03.10"]
[EventType "swiss"]
[EventRounds "11"]
[EventCountry "BLR"]
[SourceTitle "CBM 123 Extra"]
[Source "ChessBase"]
[SourceDate "2008.05.06"]
[SourceVersion "1"]
[SourceVersionDate "2008.05.06"]
[SourceQuality "1"]

1. e4 c5 2. Nf3 d6 3. d4 cxd4 4. Nxd4 Nf6 5. Nc3 g6 6. Be3 Bg7 7. f3 0-0 8. Qd2 Nc6 9. 0-0-0 d5 10. exd5 Nxd5 11. Nxc6 bxc6 12. Nxd5 cxd5 13. Bh6 Be6 14. h4 f6 15. Bxg7 Kxg7 16. Qd4 Bf7 17. f4 Qb6 18. Qxb6 axb6 19. a3 e5 20. fxe5 fxe5 21. Bb5 Rac8 22. Rhe1 Kf6 23. Rd2 Bg8 24. Bd7 Rcd8 25. Bc6 Rd6 26. Bb7 Rb8 27. Rf2+ Kg7 28. Ba6 b5 29. Bxb5 Rxb5 30. Rxe5 Re6 31. Rxe6 Bxe6 32. b4 Rb7 33. c3 Rf7 34. Re2 Kf6 35. Kb2 Ra7 36. Re1 h5 37. Rf1+ Ke7 38. Rf3 Ra8 39. Rg3 Kf6 40. Rf3+ Ke5 41. Re3+ Kd6 42. Rg3 Bf5 43. Kb3 Bg4 44. Rd3 Be2 45. Rg3 Bd1+ 46. Kb2 Bg4 47. Kb3 Re8 48. a4 Re1 49. Kb2 Rh1 50. a5 Kc6 51. a6 Re1 52. Rd3 Re7 53. g3 Ra7 54. b5+ Kc5 55. Rd4 Be2 56. b6 Rxa6 57. b7 Rb6+ 58. Rb4 Bb5 59. g4 Rxb7 60. gxh5 gxh5 61. Kc2 Re7 62. Rf4 Re4 63. Rf5 Rxh4 0-1

[Event "BLR-ch (Women) 52nd"]
[Site "Minsk"]
[Date "2008.03.11"]
[Round "2"]
[White "Azarova, Nadezhda"]
[Black "Sharova, Alexandra"]
[Result "1/2-1/2"]
[WhiteElo "2296"]
[BlackElo "2086"]
[PlyCount "69"]
[EventDate "2008.03.10"]
[EventType "swiss"]
[EventRounds "11"]
[EventCountry "BLR"]
[SourceTitle "CBM 123 Extra"]
[Source "ChessBase"]
[SourceDate "2008.05.06"]
[SourceVersion "1"]
[SourceVersionDate "2008.05.06"]
[SourceQuality "1"]

1. e4 e5 2. Nf3 d6 3. d4 Nd7 4. Bc4 c6 5. Nc3 Be7 6. dxe5 dxe5 7. Ng5 Bxg5 8. Qh5 Qf6 9. Bxg5 Qg6 10. Qxg6 hxg6 11. 0-0-0 Ngf6 12. f3 b5 13. Be2 Nb6 14. Rd6 Bb7 15. b3 Ke7 16. Rdd1 Rad8 17. Rxd8 Rxd8 18. Kb2 Ke6 19. a4 a6 20. h4 Rh8 21. g4 Nbd7 22. Ka3 Ra8 23. Be3 Ke7 24. Nb1 c5 25. Kb2 Bc6 26. axb5 axb5 27. Na3 Rb8 28. Ra1 Ne8 29. Nb1 Nc7 30. Ra7 Rb7 31. Ra5 Ne6 32. Nc3 Nc7 33. Bf2 Kd6 34. Nd1 Rb8 35. Nc3 1/2-1/2

[Event "BLR-ch (Women) 52nd"]
[Site "Minsk"]
[Date "2008.03.10"]
[Round "1"]
[White "Kirpichenko, Ekaterina"]
[Black "Azarova, Nadezhda"]
[Result "0-1"]
[WhiteElo "2045"]
[BlackElo "2296"]
[PlyCount "70"]
[EventDate "2008.03.10"]
[EventType "swiss"]
[EventRounds "11"]
[EventCountry "BLR"]
[SourceTitle "CBM 123 Extra"]
[Source "ChessBase"]
[SourceDate "2008.05.06"]
[SourceVersion "1"]
[SourceVersionDate "2008.05.06"]
[SourceQuality "1"]

1. Nf3 Nf6 2. d4 e6 3. Bg5 Be7 4. e3 b6 5. Bd3 Bb7 6. Nbd2 h6 7. Bxf6 gxf6 8. Qe2 c5 9. e4 Nc6 10. c3 cxd4 11. Nxd4 Bc5 12. N2b3 Nxd4 13. Nxd4 a6 14. Rg1 Qc7 15. g3 b5 16. Nb3 Be7 17. a3 Qb6 18. Rf1 0-0-0 19. Nd2 Kb8 20. b4 f5 21. e5 d6 22. Nb3 dxe5 23. Qxe5+ Qd6 24. Qxd6+ Rxd6 25. Nc5 Rd5 26. c4 bxc4 27. Bxc4 Re5+ 28. Kd2 Bxc5 29. bxc5 Rd8+ 30. Kc3 Rxc5 31. Kb4 Rdc8 32. Rfc1 Bd5 33. Bxd5 Rxc1 34. Rxc1 Rxc1 35. Bc4 Kb7 0-1

[Event "BLR-ch (Women)"]
[Site "Minsk"]
[Date "2007.03.03"]
[Round "3"]
[White "Azarova, Nadezhda"]
[Black "Sharova, Alexandra"]
[Result "1-0"]
[WhiteElo "2244"]
[BlackElo "2146"]
[PlyCount "81"]
[EventDate "2007.03.01"]
[EventType "tourn"]
[EventRounds "11"]
[EventCountry "BLR"]
[SourceTitle "EXT 2010"]
[Source "ChessBase"]
[SourceDate "2010.11.25"]
[SourceVersion "1"]
[SourceVersionDate "2010.11.25"]
[SourceQuality "1"]

1. e4 c5 2. Nf3 Nc6 3. d4 cxd4 4. Nxd4 d6 5. c4 g6 6. Nc3 Bg7 7. Be3 Nf6 8. Be2 Bd7 9. 0-0 h5 10. f3 a6 11. Qd2 Qc7 12. Rac1 Nxd4 13. Bxd4 Bh6 14. f4 e5 15. Be3 Bg7 16. fxe5 dxe5 17. Nd5 Qc6 18. Qb4 Ng8 19. Kh1 Bf8 20. Qc3 f6 21. Bg5 Bg7 22. Bxf6 Bxf6 23. Rxf6 Nxf6 24. Qxe5+ Kd8 25. Nxf6 Qe6 26. Nxd7 Kxd7 27. Rd1+ Ke7 28. Qg7+ Qf7 29. Rd7+ Kxd7 30. Qxf7+ Kd8 31. e5 Kc8 32. Qe6+ Kb8 33. Qd6+ Ka7 34. Qc5+ Kb8 35. e6 Rc8 36. Qd6+ Ka7 37. Qd4+ Kb8 38. e7 Kc7 39. c5 Re8 40. Qd6+ Kc8 41. c6 1-0

[Event "Minsk Inautomarket op"]
[Site "Minsk"]
[Date "2006.07.17"]
[Round "8"]
[White "Korobkov, Piotr"]
[Black "Azarova, Nadezhda"]
[Result "1/2-1/2"]
[WhiteElo "2417"]
[BlackElo "2257"]
[PlyCount "132"]
[EventDate "2006.07.10"]
[EventType "swiss"]
[EventRounds "9"]
[EventCountry "BLR"]
[SourceTitle "CBM 113 Extra"]
[Source "ChessBase"]
[SourceDate "2006.09.14"]
[SourceVersion "1"]
[SourceVersionDate "2006.09.14"]
[SourceQuality "1"]

1. c4 e6 2. d4 Nf6 3. Nc3 d5 4. cxd5 exd5 5. Bg5 Be7 6. e3 0-0 7. Bd3 h6 8. Bh4 Re8 9. Nf3 Nbd7 10. Qc2 Nf8 11. 0-0 c6 12. Rab1 Ne4 13. Bg3 Nxg3 14. hxg3 Bd6 15. b4 Be6 16. Na4 Rc8 17. Rfc1 Qe7 18. Qd2 Nd7 19. Nc5 b6 20. Nxe6 Qxe6 21. Qc2 Rc7 22. Bf5 Qe7 23. Qb3 Nf6 24. Rc2 g6 25. Bd3 Kg7 26. Rbc1 c5 27. bxc5 bxc5 28. dxc5 Rxc5 29. Rxc5 Bxc5 30. Nd4 h5 31. Bb5 Rh8 32. Nc6 Qd6 33. Qc3 Bb6 34. Nd4 Rd8 35. a4 a5 36. Qd2 Ne4 37. Qb2 Qf6 38. Bd3 Nc5 39. Be2 Rd6 40. Qc2 Ne4 41. Nf3 Ng5 42. Qd3 Nxf3+ 43. Bxf3 d4 44. e4 Rc6 45. Re1 Qe5 46. Qb3 Bc7 47. Qd5 Rc5 48. Qxe5+ Bxe5 49. Be2 Rc2 50. Bd3 Rc3 51. Rd1 Bd6 52. f4 Ra3 53. e5 Bc5 54. Kf2 Rxa4 55. Rc1 Ra3 56. Rxc5 Rxd3 57. Rxa5 Rd2+ 58. Kf3 Rd3+ 59. Kf2 Rd2+ 60. Kf1 Rd3 61. Rd5 Rxg3 62. Rxd4 Rg4 63. Kf2 g5 64. Kf3 gxf4 65. Rxf4 Rg5 66. Re4 Kg6 1/2-1/2

[Event "Olympiad Women-37"]
[Site "Turin"]
[Date "2006.06.03"]
[Round "12"]
[White "Azarova, Nadezhda"]
[Black "Stefanova, Antoaneta"]
[Result "0-1"]
[WhiteElo "2281"]
[BlackElo "2502"]
[PlyCount "38"]
[EventDate "2006.05.21"]
[EventType "team-swiss"]
[EventRounds "13"]
[EventCountry "ITA"]
[SourceTitle "CBM 112 Extra"]
[Source "ChessBase"]
[SourceDate "2006.07.14"]
[SourceVersion "1"]
[SourceVersionDate "2006.07.14"]
[SourceQuality "1"]
[WhiteTeam "Belarus (W)"]
[BlackTeam "Bulgaria (W)"]
[WhiteTeamCountry "BLR"]
[BlackTeamCountry "BUL"]

1. e4 e5 2. Nf3 Nc6 3. d4 exd4 4. Bc4 Nf6 5. e5 Ng4 6. Bf4 d6 7. exd6 Bxd6 8. Qe2+ Kf8 9. Bxd6+ Qxd6 10. 0-0 Bd7 11. Nbd2 Re8 12. Qd3 Nge5 13. Nxe5 Nxe5 14. Qb3 Bc6 15. Rfe1 h5 16. Rad1 Rh6 17. Ne4 Qe7 18. Bd5 Rg6 19. h3 Bxd5 0-1